01339cam a2200337 a 4500952015100000999001700151001000900168003000400177005001700181008004100198010001700239020002500256025002700281035002600308037006300334040001400397042001000411043001200421050002200433082002600455100003100481245010400512260009200616300001700708504005100725505002200776651005000798651005000848906004500898942005800943 00102ddc40708POLITICAL SCIENCEaMESbMEScPOLd2019-02-20g995.00l0o322.1095409034 LAL/Sp32610r2019-02-20 00:00:00w2019-02-20yBKzGL10R3 c36939d3693915122281OSt20200605122236.0071121m20089999ii b 001 0 eng  a 2007434254 a9788189920760 (v. 1) aI-E-2007-434254; 63-91 a(IN-NdUBS)UBS07003203 bLibrary of Congress -- New Delhi Overseas OfficecRs995.00 aDLCcoclc alcode aa-ii---00aDS475b.M235 2008 a322.1095409034bLAL/S aLal, Makkhan d1954-9252810aSecular politics, communal agenda :bhistory of politics in India from 1860 to 1953 /cMakkhan Lal. aNew Delhi :bPragun Publication :bDistributed by D.K. Publishers Distributors,cc2008- a473pc25 cm. aIncludes bibliographical references and index.1 a[v. 1. 1860-1953] 0aIndiaxPolitics and governmenty19th century. 0aIndiaxPolitics and governmenty20th century. a7bcbccorigoded2encipf20gy-gencatlg 2ddccBKh322.1095409034iLAL/Sk322.1095409034mLAL/S